| 000 | 00643am a2200253a 44500 | ||
|---|---|---|---|
| 003 | AR-BaBNM | ||
| 005 | 20251128202726.0 | ||
| 008 | 147019s1992 #AR|||||||||||000 | spa|| | ||
| 020 | _a950-581-880-7 | ||
| 040 | _cAR-BaBNM | ||
| 100 | 1 | _aUhalde, Leticia | |
| 245 | 1 | 0 | _aTransporte escolar |
| 260 |
_aBuenos Aires _bColihue _c1992 |
||
| 300 |
_a12 p. _bil. |
||
| 490 | 0 |
_aLos libros dibujados _vv. 20 |
|
| 650 | 4 | _aLITERATURA INFANTIL | |
| 650 | 4 | _aLIBROS PARA NIÑOS | |
| 650 | 4 | _aINICIACION EN LA LECTURA | |
| 653 | _aHISTORIETAS | ||
| 655 | _aLITERATURA | ||
| 700 | 1 |
_aFortín, Raúl _eilustrador |
|
| 942 | _cBK | ||
| 998 | _cMARTIN | ||
| 999 |
_c269 _d269 |
||